01259nam a22002657a 450000100060000000300080000600500170001400800410003103500190007204000350009104100080012608200250013410000280015924502020018726000880038930000390047750200940051650400340061065000680064470000570071270000480076994200130081799900170083095201460084782326BD-RjUL20231121170736.0231121s2019 bg a|||| m||| 00| 0 eng d a(BD-RjUL)82326 aBD-RjULbengcBD-RjULdBD-RjUL aeng 223a333.91bARL 2019 aArifuzzaman, Md.91014110aLegal framework for ensuring sustainable water resources management in Bangladesh /cRescarcher Md. Arifuzzaman ;6Principal Supervisor : Mohammad. Abdul Hannan, Co-Supervisor : Md. Redwanur Rahman aRajshahi :bInstitute of Environmental Science (IES), University of Rajshahi,c2019 axxix, 303 leaves :bill, ;c29.cm. aThesis (Ph. D.) -- Institute of Environmental Science (IES), University of Rajshahi, 2019 aReferences : Leaves 256 - 267 aWater resource management vEconomics of land and energy910142 aHannan, Mohammad. Abdul, Principal Supervisor 96660 aRahman, Md. Redwanur, Co-Supervisor 91867 2ddccTHE c82326d82326 102ddc40718THESESaRUCLbRUCLcDoc/Thed2020-12-17eController of Exam. R.U.l0oTHE 333.91 ARL 2019pD4381r2023-11-21 00:00:00tC-1yTHE